000 00383nam a2200157Ia 4500
008 230917s9999||||xx |||||||||||||| ||und||
040 _e101979
_aMAIN
041 _aEnglish
082 _a658.4 H369O
100 _aHellrigel, Don
245 0 _aOrganizational behaviour
250 _a9th ed.
260 _aAustralia
_bSouth Western
_c2001
300 _axxiii, 596 p.
942 _cBK
999 _c110338
_d110338